000 00583nam a2200157 i 4500
001 45129
003 ES-MaACL
007 t|
008 030325s1972 sp ||||1| spa d
245 0 0 _aCirculares relacionadas con la ley de peligrosidad y rehabilitación social, de 4 de agosto de 1970 y Reglamento para su aplicación de 13 de mayo de 1971.
260 _aMadrid :
_bAbella,
_c1972.
300 _a305 p. ;
_c22 cm.
500 _aPrecede al tít.: Fiscalía del Tribunal Supremo.
710 1 _aEspaña.
_bTribunal Supremo.
_bFiscalia.
_94005
852 _aES-MaACL
_jE-7734
_bR.92062
999 _c45129
_d45129